000 00367 a2200157 4500
001 61361
020 _a9783190018697
040 _cAnchieta - Pituba
100 _aNeuner, Gerhard
240 1 0 _aDeutsch ist easy!
_lpor
245 1 0 _aDeutsch ist easy!
300 _a96
362 0 _a2006
650 4 _aLínguas germânicas (teutônicas) língua alemã
942 _cBK
999 _c61361
_d61361